[Event "Abe Yanofsky mem"]
[Site "Winnipeg CAN"]
[Date "2011.08.07"]
[Round "4"]
[White "Pottinger, Carl"]
[Black "Mousseau, Charles"]
[Result "1-0"]
[WhiteElo "1883"]
[BlackElo "1768"]
[PlyCount "111"]
[GameId "2160767909649080"]
[EventDate "2011.08.05"]
[EventType "swiss"]
[EventRounds "5"]
[EventCountry "CAN"]

1. c4 e5 2. g3 Nf6 3. Bg2 Nc6 4. Nc3 Be7 5. d3 O-O 6. Nf3 d6 7. O-O Bg4 8. a3 Qd7 9. b4 a6 10. Be3 Bh3 11. Nd5 Bxg2 12. Kxg2 Rab8 13. Qc2 Ng4 14. Bd2 Nd4 15. Nxd4 exd4 16. h3 Nf6 17. Rac1 c5 18. Nxf6+ Bxf6 19. bxc5 dxc5 20. Bf4 Rbe8 21. Rb1 Be5 22. Bd2 Qc6+ 23. Kg1 b6 24. f4 Bc7 25. Rbe1 g5 26. Qc1 Kh8 27. Kh2 gxf4 28. Bxf4 Bxf4 29. Qxf4 Re3 30. Rf3 Qe6 31. Rxe3 Qxe3 32. Qxe3 dxe3 33. Rb1 Rb8 34. a4 Kg7 35. Kg2 Kf6 36. Kf3 Ke5 37. Kxe3 f5 38. Kd2 h5 39. e3 Kd6 40. d4 cxd4 41. exd4 Kc7 42. Kd3 Rg8 43. Rg1 h4 44. g4 fxg4 45. hxg4 h3 46. Rh1 Rxg4 47. Rxh3 Rg7 48. d5 b5 49. axb5 axb5 50. c5 Rg4 51. Rh7+ Kd8 52. c6 Rc4 53. Rb7 Rc5 54. Kd4 Rc4+ 55. Ke5 Rc5 56. Kd6 1-0

[Event "Abe Yanofsky mem"]
[Site "Winnipeg CAN"]
[Date "2011.08.07"]
[Round "4"]
[White "Repa, Jason"]
[Black "Boron, Anthony"]
[Result "1/2-1/2"]
[WhiteElo "1991"]
[BlackElo "1996"]
[PlyCount "157"]
[GameId "2160767909649081"]
[EventDate "2011.08.05"]
[EventType "swiss"]
[EventRounds "5"]
[EventCountry "CAN"]

1. Nf3 d5 2. e3 g6 3. Nc3 Bg7 4. b3 Nf6 5. Bb2 O-O 6. Ne2 b6 7. Ne5 Ng4 8. d4 Nxe5 9. dxe5 c5 10. f4 Bb7 11. Qd2 e6 12. Ng3 f6 13. exf6 Bxf6 14. c4 Nc6 15. Be2 Bxb2 16. Qxb2 d4 17. Rd1 Qf6 18. Ne4 Qh4+ 19. g3 Qe7 20. O-O Rad8 21. Bf3 Qg7 22. Ng5 Qe7 23. Bxc6 Bxc6 24. exd4 h6 25. Nf3 cxd4 26. Ne5 Be4 27. Qe2 Ba8 28. Qg4 g5 29. fxg5 hxg5 30. Rxf8+ Rxf8 31. Ng6 Qb7 32. Qxe6+ Kg7 33. Qe7+ Kxg6 34. Qxb7 Bxb7 35. Rxd4 Rf7 36. h4 gxh4 37. gxh4 Kh5 38. b4 Bf3 39. Kf2 Bg4+ 40. Ke3 Rf3+ 41. Ke4 Ra3 42. Rd2 Kxh4 43. Kd5 Bf3+ 44. Kd6 Rc3 45. Rd4+ Kg5 46. a4 Ra3 47. a5 bxa5 48. bxa5 Rxa5 49. c5 Ra6+ 50. Ke5 Rc6 51. Rc4 a5 52. Kd4 Kf5 53. Ra4 Ra6 54. Ra1 a4 55. Kc4 Bc6 56. Kb4 Ra8 57. Rf1+ Ke4 58. Ka3 Kd4 59. Rc1 Rb8 60. Rc2 Rb3+ 61. Ka2 Bd5 62. Ka1 Bc4 63. c6 Rb6 64. c7 Rc6 65. Rd2+ Kc3 66. Rc2+ Kd3 67. Rh2 Rxc7 68. Rh3+ Kd4 69. Rh4+ Kc3 70. Rh3+ Kb4 71. Rh8 Re7 72. Rh1 Re3 73. Rb1+ Bb3 74. Rh1 Kc3 75. Rc1+ Bc2 76. Rh1 Re2 77. Rg1 Re3 78. Rh1 Kb3 79. Rh3 1/2-1/2

[Event "Abe Yanofsky mem"]
[Site "Winnipeg CAN"]
[Date "2011.08.07"]
[Round "4"]
[White "Yermolinsky, Alex"]
[Black "Lipnowski, Samuel"]
[Result "1-0"]
[WhiteElo "2521"]
[BlackElo "2205"]
[PlyCount "47"]
[GameId "2160767909649082"]
[EventDate "2011.08.05"]
[EventType "swiss"]
[EventRounds "5"]
[EventCountry "CAN"]
[SourceTitle "EXT 2019"]
[Source "ChessBase"]
[SourceDate "2018.10.10"]
[SourceVersion "1"]
[SourceVersionDate "2018.10.10"]
[SourceQuality "1"]

1. d4 d5 2. c4 e6 3. Nc3 Be7 4. Nf3 Nf6 5. Bf4 c6 6. e3 O-O 7. Bd3 Nbd7 8. cxd5 exd5 9. Qc2 Re8 10. h3 Nf8 11. O-O-O a5 12. g4 b5 13. Ne5 Qb6 14. Rdg1 N6d7 15. g5 Nxe5 16. Bxe5 g6 17. h4 Ba6 18. h5 b4 19. hxg6 fxg6 20. Rxh7 Nxh7 21. Bxg6 bxc3 22. Bxh7+ Kf7 23. Qg6+ Kf8 24. Bg7# 1-0

[Event "Abe Yanofsky mem"]
[Site "Winnipeg CAN"]
[Date "2011.08.07"]
[Round "4"]
[White "Zaczek, Jonathon"]
[Black "Green, Aaron"]
[Result "1-0"]
[WhiteElo "2284"]
[BlackElo "2010"]
[PlyCount "65"]
[GameId "2160767909649083"]
[EventDate "2011.08.05"]
[EventType "swiss"]
[EventRounds "5"]
[EventCountry "CAN"]

1. e4 c5 2. Nf3 d6 3. d4 cxd4 4. Nxd4 Nf6 5. Nc3 g6 6. Be3 Bg7 7. f3 Nc6 8. Qd2 O-O 9. Bc4 Bd7 10. Bb3 Rc8 11. O-O-O Ne5 12. Kb1 Re8 13. h4 h5 14. Bg5 Rc5 15. Nde2 Nc4 16. Bxc4 Rxc4 17. e5 Nh7 18. exd6 Nxg5 19. dxe7 Rxe7 20. Nd5 Re8 21. hxg5 Bf5 22. Nec3 Qa5 23. g4 Rxc3 24. Nxc3 hxg4 25. fxg4 Bxg4 26. Nd5 Qa6 27. Rde1 Be6 28. b3 Qc6 29. Nf6+ Kf8 30. Qb4+ Re7 31. Rd1 Qc8 32. Qd6 Bd7 33. Nxd7+ 1-0

[Event "Abe Yanofsky mem"]
[Site "Winnipeg CAN"]
[Date "2011.08.07"]
[Round "5"]
[White "Afolabi, Damola"]
[Black "Pang, Michael"]
[Result "0-1"]
[WhiteElo "1550"]
[BlackElo "1829"]
[PlyCount "56"]
[GameId "2160767909649084"]
[EventDate "2011.08.05"]
[EventType "swiss"]
[EventRounds "5"]
[EventCountry "CAN"]

1. e4 c5 2. f4 d5 3. exd5 Nf6 4. c4 e6 5. dxe6 Bxe6 6. Nf3 Bd6 7. d3 O-O 8. Be2 Nc6 9. O-O Re8 10. Nc3 a6 11. Ne4 Be7 12. Be3 Ng4 13. Qd2 Nxe3 14. Qxe3 Qb6 15. Kh1 Rad8 16. a3 Bg4 17. b4 f5 18. Nc3 Bf6 19. Qd2 Bxc3 20. Qxc3 Rxe2 21. b5 Bxf3 22. Rxf3 Nd4 23. Rg3 Rde8 24. a4 Rc2 25. Qa3 Qa5 26. h3 Re1+ 27. Rxe1 Qxe1+ 28. Kh2 Ne2 0-1

[Event "Abe Yanofsky mem"]
[Site "Winnipeg CAN"]
[Date "2011.08.07"]
[Round "5"]
[White "Babb, Jeff"]
[Black "Bince, Rolando"]
[Result "1-0"]
[WhiteElo "2151"]
[BlackElo "2091"]
[PlyCount "97"]
[GameId "2160767909649085"]
[EventDate "2011.08.05"]
[EventType "swiss"]
[EventRounds "5"]
[EventCountry "CAN"]

1. f4 Nf6 2. e3 c5 3. Nf3 g6 4. b3 Bg7 5. Bb2 O-O 6. Be2 Nc6 7. O-O d5 8. Ne5 d4 9. Nxc6 bxc6 10. Bf3 Nd5 11. Qc1 Ba6 12. Re1 Rc8 13. g3 e5 14. e4 Ne7 15. d3 f5 16. fxe5 Bxe5 17. exf5 Qd6 18. Qd2 Nxf5 19. Qe2 Bxg3 20. hxg3 Qxg3+ 21. Bg2 Rce8 22. Qxe8 Rxe8 23. Rxe8+ Kf7 24. Re2 Qg4 25. Rf2 Qd1+ 26. Bf1 Kg7 27. Nd2 Qg4+ 28. Bg2 Bc8 29. Re1 Kh6 30. Nf1 g5 31. Bc1 Kg6 32. Nh2 Qg3 33. Re8 Bd7 34. Rg8+ Ng7 35. Nf1 Qg4 36. Ba3 Be6 37. Rgf8 Nf5 38. Bxc5 Nh4 39. R8f6+ Kh5 40. Bf8 Ng6 41. Nh2 Qd1+ 42. Rf1 Qxc2 43. Rxe6 Qxd3 44. Rf3 Qb1+ 45. Bf1 g4 46. Rf7 Nxf8 47. Rxf8 d3 48. Rg8 d2 49. Re5+ 1-0

[Event "Abe Yanofsky mem"]
[Site "Winnipeg CAN"]
[Date "2011.08.07"]
[Round "5"]
[White "Boron, Anthony"]
[Black "De los Santos, Christopher"]
[Result "1/2-1/2"]
[WhiteElo "1996"]
[BlackElo "1823"]
[PlyCount "68"]
[GameId "2160767909649086"]
[EventDate "2011.08.05"]
[EventType "swiss"]
[EventRounds "5"]
[EventCountry "CAN"]

1. d4 d5 2. Nf3 Nf6 3. c4 e6 4. Nc3 c6 5. e3 Be7 6. Bd3 Nbd7 7. O-O dxc4 8. Bxc4 b5 9. Bd3 Bb7 10. a3 O-O 11. e4 a6 12. e5 Nd5 13. Ne4 h6 14. Bd2 c5 15. dxc5 Nxc5 16. Nxc5 Bxc5 17. Rc1 Rc8 18. Qe2 Qd7 19. Bb1 Nb6 20. Rfd1 Nd5 21. Qe4 f5 22. exf6 Nxf6 23. Qg6 Bxf3 24. gxf3 Qf7 25. Be3 Be7 26. Be4 Qxg6+ 27. Bxg6 Nd5 28. Be4 Bf6 29. Rxc8 Rxc8 30. Bxd5 exd5 31. Bd4 Bxd4 32. Rxd4 Rc2 33. Rxd5 Rxb2 34. Rd6 Rb3 1/2-1/2

[Event "Abe Yanofsky mem"]
[Site "Winnipeg CAN"]
[Date "2011.08.07"]
[Round "5"]
[White "Cleto, Sam"]
[Black "Repa, Jason"]
[Result "1-0"]
[WhiteElo "1906"]
[BlackElo "1991"]
[PlyCount "47"]
[GameId "2160767909649087"]
[EventDate "2011.08.05"]
[EventType "swiss"]
[EventRounds "5"]
[EventCountry "CAN"]

1. Nf3 e6 2. d4 f5 3. g3 b6 4. Bg2 Bb7 5. c4 Nf6 6. Nc3 Bb4 7. O-O Bxc3 8. bxc3 d6 9. d5 e5 10. Ng5 Qe7 11. Ne6 Na6 12. Qa4+ Nd7 13. Bh3 g6 14. Bg5 Qf7 15. e4 h6 16. Be3 fxe4 17. f3 exf3 18. Rae1 Rh7 19. Bg4 e4 20. Bd4 h5 21. Rxf3 hxg4 22. Rxf7 Rxf7 23. Rxe4 Re7 24. Bf6 1-0

[Event "Abe Yanofsky mem"]
[Site "Winnipeg CAN"]
[Date "2011.08.07"]
[Round "5"]
[White "Czypinski, Jaroslaw"]
[Black "Moncal, Nilo"]
[Result "0-1"]
[WhiteElo "1964"]
[BlackElo "2102"]
[PlyCount "76"]
[GameId "2160767909649088"]
[EventDate "2011.08.05"]
[EventType "swiss"]
[EventRounds "5"]
[EventCountry "CAN"]

1. e4 e6 2. d4 d5 3. exd5 exd5 4. Nf3 Nf6 5. Be2 Bd6 6. Bg5 h6 7. Bh4 O-O 8. O-O c6 9. Ne5 Re8 10. f4 Nbd7 11. Nd2 Qb6 12. Bf2 Qxb2 13. Rb1 Qxa2 14. Nb3 Ne4 15. Be1 Bxe5 16. fxe5 Qa3 17. Bh5 Rf8 18. Bh4 Nb6 19. Bxf7+ Rxf7 20. Rxf7 Kxf7 21. Qh5+ Kg8 22. Rf1 Bd7 23. Qf7+ Kh7 24. Be7 Qb2 25. e6 Be8 26. Qf4 Qxc2 27. Nc5 Nxc5 28. dxc5 Nc4 29. Bd6 Bg6 30. e7 Qe4 31. Qxe4 dxe4 32. Bc7 Re8 33. Bd8 e3 34. Re1 b5 35. Rc1 a5 36. Kf1 Bd3+ 37. Ke1 e2 38. Rc3 Ne5 0-1

[Event "Abe Yanofsky mem"]
[Site "Winnipeg CAN"]
[Date "2011.08.07"]
[Round "5"]
[White "Green, Aaron"]
[Black "Pottinger, Carl"]
[Result "1/2-1/2"]
[WhiteElo "2010"]
[BlackElo "1883"]
[PlyCount "48"]
[GameId "2160767909649089"]
[EventDate "2011.08.05"]
[EventType "swiss"]
[EventRounds "5"]
[EventCountry "CAN"]

1. e4 c5 2. Nf3 d6 3. Bb5+ Bd7 4. Bxd7+ Qxd7 5. O-O g6 6. Qe2 Nc6 7. c3 Bg7 8. Na3 e5 9. Nc2 Nge7 10. Rd1 O-O 11. d4 exd4 12. cxd4 Qc7 13. Bf4 cxd4 14. Ncxd4 Nxd4 15. Nxd4 Be5 16. Bxe5 dxe5 17. Nb5 Qb6 18. Nc3 Rfd8 19. Nd5 Nxd5 20. exd5 f6 21. Rd3 Rd6 22. Rdd1 Rdd8 23. Rd3 Rd6 24. Rdd1 Rdd8 1/2-1/2

[Event "Abe Yanofsky mem"]
[Site "Winnipeg CAN"]
[Date "2011.08.07"]
[Round "5"]
[White "Green, Jim"]
[Black "Penner, Wesley"]
[Result "0-1"]
[WhiteElo "1851"]
[BlackElo "1744"]
[PlyCount "70"]
[GameId "2160767909649090"]
[EventDate "2011.08.05"]
[EventType "swiss"]
[EventRounds "5"]
[EventCountry "CAN"]

1. e4 e6 2. Nf3 d5 3. d3 dxe4 4. dxe4 Qxd1+ 5. Kxd1 Bc5 6. Ke1 Nf6 7. Bd3 O-O 8. Nc3 a6 9. h3 b5 10. a3 Bb7 11. b4 Bb6 12. Bg5 Nbd7 13. Rd1 h6 14. Bh4 c5 15. bxc5 Bxc5 16. Ra1 b4 17. Bxf6 Nxf6 18. Na4 Be7 19. axb4 Bxb4+ 20. c3 Ba5 21. Nd2 Bc6 22. Ke2 Rfd8 23. Rhc1 Nd7 24. Nb3 Bc7 25. Nac5 Nxc5 26. Nxc5 a5 27. g3 Rdb8 28. Rc2 Bd6 29. Na4 Rb3 30. f4 Rab8 31. e5 Be7 32. Bc4 Rb1 33. Rxb1 Rxb1 34. Nb2 Rg1 35. Bd3 Rxg3 0-1

[Event "Abe Yanofsky mem"]
[Site "Winnipeg CAN"]
[Date "2011.08.07"]
[Round "5"]
[White "Greenberg, Harley"]
[Black "Klokow, John"]
[Result "1-0"]
[WhiteElo "1685"]
[BlackElo "1807"]
[PlyCount "53"]
[GameId "2160767909649091"]
[EventDate "2011.08.05"]
[EventType "swiss"]
[EventRounds "5"]
[EventCountry "CAN"]

1. d4 d5 2. c4 c6 3. Nc3 Nf6 4. Nf3 e6 5. Bg5 h6 6. Bxf6 Qxf6 7. e4 dxe4 8. Nxe4 Bb4+ 9. Ned2 O-O 10. Bd3 c5 11. O-O cxd4 12. Ne4 Qd8 13. a3 Be7 14. Ne5 Nd7 15. f4 Nxe5 16. fxe5 Qc7 17. Nf6+ Kh8 18. Nh7 Qxe5 19. Nxf8 Bxf8 20. Rxf7 Bd6 21. Qf3 Qxh2+ 22. Kf1 Kg8 23. Bg6 Bf4 24. Rxf4 Bd7 25. Rf7 Qh1+ 26. Ke2 Qxa1 27. Rxg7+ 1-0

[Event "Abe Yanofsky mem"]
[Site "Winnipeg CAN"]
[Date "2011.08.07"]
[Round "5"]
[White "Lambruschini, Alex"]
[Black "De Groot, Steven"]
[Result "0-1"]
[WhiteElo "1843"]
[BlackElo "1772"]
[PlyCount "60"]
[GameId "2160767909649092"]
[EventDate "2011.08.05"]
[EventType "swiss"]
[EventRounds "5"]
[EventCountry "CAN"]

1. d4 Nf6 2. Nf3 g6 3. c4 d5 4. g3 Bg7 5. Bg2 O-O 6. c5 c6 7. b4 Nbd7 8. Bb2 Re8 9. O-O Ne4 10. Nfd2 Nxd2 11. Qxd2 e5 12. e3 e4 13. Bh3 Nf8 14. Bxc8 Qxc8 15. a4 Ne6 16. h4 g5 17. h5 g4 18. Nc3 Ng5 19. Kg2 Qf5 20. Ne2 Nf3 21. Qd1 Bh6 22. Rh1 Re6 23. Ng1 Rae8 24. Nxf3 exf3+ 25. Kg1 Bxe3 26. fxe3 f2+ 27. Kg2 Rxe3 28. Rh4 Re2 29. Qf1 Qf3+ 30. Kh2 R8e3 0-1

[Event "Abe Yanofsky mem"]
[Site "Winnipeg CAN"]
[Date "2011.08.07"]
[Round "5"]
[White "Li, Kevin"]
[Black "Kaptsan, Aron"]
[Result "1-0"]
[WhiteElo "2181"]
[BlackElo "1978"]
[PlyCount "55"]
[GameId "2160767909649093"]
[EventDate "2011.08.05"]
[EventType "swiss"]
[EventRounds "5"]
[EventCountry "CAN"]

1. e4 c5 2. Nf3 d6 3. d4 cxd4 4. Qxd4 Nc6 5. Bb5 Bd7 6. Bxc6 Bxc6 7. Nc3 Nf6 8. Bg5 e6 9. O-O-O h6 10. Bxf6 Qxf6 11. e5 dxe5 12. Nxe5 Qe7 13. Rhe1 Rg8 14. Nxc6 bxc6 15. Qc4 Qc5 16. Qd3 Be7 17. Qd7+ Kf8 18. Ne4 Qb6 19. Qd3 Bf6 20. Qd6+ Be7 21. Qf4 g5 22. Qf3 f5 23. g4 f4 24. Qh3 Kg7 25. Rd7 Rge8 26. Qc3+ Kg8 27. Nf6+ Kf7 28. Nh5 1-0

[Event "Abe Yanofsky mem"]
[Site "Winnipeg CAN"]
[Date "2011.08.07"]
[Round "5"]
[White "Lipnowski, Samuel"]
[Black "Joven, Perfecto"]
[Result "1-0"]
[WhiteElo "2261"]
[BlackElo "2006"]
[PlyCount "95"]
[GameId "2160767909649094"]
[EventDate "2011.08.05"]
[EventType "swiss"]
[EventRounds "5"]
[EventCountry "CAN"]

1. d4 d5 2. c4 e6 3. Nc3 Nf6 4. Nf3 c6 5. cxd5 exd5 6. Bf4 Nh5 7. Bg5 Be7 8. Bxe7 Qxe7 9. e3 Nf6 10. Bd3 Bg4 11. Qc2 Nbd7 12. h3 Bh5 13. Nh4 Bg6 14. Nf5 Bxf5 15. Bxf5 g6 16. Bd3 Rc8 17. g4 Nb6 18. O-O-O O-O 19. Rdg1 c5 20. dxc5 Qxc5 21. Kb1 Nc4 22. Qe2 Qb4 23. Bxc4 Rxc4 24. g5 Rxc3 25. gxf6 Qe4+ 26. Ka1 Rc2 27. Qb5 Rfc8 28. Qxb7 R2c7 29. Qa6 Rc6 30. Qb7 Qf3 31. a3 Qxf6 32. Qxa7 Rc2 33. Qd4 Qf3 34. Rb1 Rxf2 35. h4 Re8 36. Rhc1 Qe4 37. Rc5 Qxd4 38. exd4 Rd8 39. b4 Rd2 40. b5 Rxd4 41. b6 Rc4 42. Rxc4 dxc4 43. Rb4 Rb8 44. a4 f5 45. a5 h6 46. a6 f4 47. a7 Rf8 48. b7 1-0

[Event "Abe Yanofsky mem"]
[Site "Winnipeg CAN"]
[Date "2011.08.07"]
[Round "5"]
[White "Magnusson, Saul"]
[Black "Mousseau, Charles"]
[Result "1-0"]
[WhiteElo "1804"]
[BlackElo "1768"]
[PlyCount "73"]
[GameId "2160767909649095"]
[EventDate "2011.08.05"]
[EventType "swiss"]
[EventRounds "5"]
[EventCountry "CAN"]

1. e4 d5 2. exd5 Qxd5 3. Nc3 Qa5 4. d4 Nf6 5. Nf3 Bf5 6. Bf4 e6 7. Bc4 Bb4 8. Bd2 c6 9. O-O Nbd7 10. Re1 O-O 11. Nh4 Bg4 12. Nf3 Rfe8 13. h3 Bh5 14. a3 Bxc3 15. Bxc3 Qf5 16. Bd3 Bxf3 17. Qxf3 Qxf3 18. gxf3 Nd5 19. Bd2 e5 20. c4 N5f6 21. Bc3 exd4 22. Bxd4 c5 23. Bc3 Nh5 24. Rxe8+ Rxe8 25. Be4 Nf4 26. Kh2 Ne2 27. Rd1 Nxc3 28. Rxd7 Nxe4 29. fxe4 f5 30. exf5 Re2 31. Rxb7 Rxf2+ 32. Kg3 Rxf5 33. Rxa7 h5 34. b4 cxb4 35. axb4 g5 36. Ra5 h4+ 37. Kg2 1-0

[Event "Abe Yanofsky mem"]
[Site "Winnipeg CAN"]
[Date "2011.08.07"]
[Round "5"]
[White "Vincent, Trevor"]
[Black "Melamedoff, Gustavo"]
[Result "1-0"]
[WhiteElo "2150"]
[BlackElo "2051"]
[PlyCount "55"]
[GameId "2160767909649096"]
[EventDate "2011.08.05"]
[EventType "swiss"]
[EventRounds "5"]
[EventCountry "CAN"]
[SourceTitle "EXT 2019"]
[Source "ChessBase"]
[SourceDate "2018.10.10"]
[SourceVersion "1"]
[SourceVersionDate "2018.10.10"]
[SourceQuality "1"]

1. c4 f5 2. g3 Nf6 3. Bg2 e6 4. Nf3 d5 5. O-O c6 6. d3 Be7 7. Nc3 O-O 8. e4 fxe4 9. dxe4 dxc4 10. Qe2 b5 11. Rd1 Qb6 12. Be3 Bc5 13. Bxc5 Qxc5 14. e5 Nd5 15. Ne4 Qe7 16. Nd4 a6 17. Nd6 c5 18. Nxc8 Rxc8 19. Nxe6 Nb6 20. Bxa8 Nxa8 21. Rd6 Nc7 22. Nxc7 Qxc7 23. Qe4 Nc6 24. Qd5+ Kh8 25. Qxc5 Qb7 26. Rad1 h6 27. Rd7 Qb8 28. e6 1-0

[Event "Abe Yanofsky mem"]
[Site "Winnipeg CAN"]
[Date "2011.08.07"]
[Round "5"]
[White "Zaczek, Jonathon"]
[Black "Yermolinsky, Alex"]
[Result "0-1"]
[WhiteElo "2111"]
[BlackElo "2521"]
[PlyCount "58"]
[GameId "2160767909649097"]
[EventDate "2011.08.05"]
[EventType "swiss"]
[EventRounds "5"]
[EventCountry "CAN"]
[SourceTitle "EXT 2019"]
[Source "ChessBase"]
[SourceDate "2018.10.10"]
[SourceVersion "1"]
[SourceVersionDate "2018.10.10"]
[SourceQuality "1"]

1. e4 c5 2. Nf3 d6 3. d4 cxd4 4. Nxd4 Nf6 5. Nc3 Nc6 6. Bc4 Qb6 7. Nb3 e6 8. Be3 Qc7 9. Be2 Be7 10. g4 a6 11. g5 Nd7 12. Qd2 b5 13. O-O-O Bb7 14. f3 Rc8 15. Kb1 O-O 16. h4 b4 17. Na4 Nce5 18. Nd4 Qa5 19. b3 Nc5 20. Nb2 Bxe4 21. Bf4 Bxf3 22. Bxf3 Nxf3 23. Nxf3 Ne4 24. Qd3 Nc3+ 25. Kc1 Qxa2 26. Nc4 d5 27. Nd6 Bxd6 28. Bxd6 Ne4 29. Be5 Rc3 0-1

[Event "Abe Yanofsky mem U1800"]
[Site "Winnipeg CAN"]
[Date "2011.08.05"]
[Round "1"]
[White "Baron, Cody"]
[Black "Reimer, Bruce"]
[Result "1-0"]
[WhiteElo "1327"]
[BlackElo "1669"]
[PlyCount "87"]
[GameId "2160767909649098"]
[EventDate "2011.08.05"]
[EventType "swiss"]
[EventRounds "5"]
[EventCountry "CAN"]
[SourceTitle "EXT 2022"]
[Source "ChessBase"]
[SourceDate "2021.10.06"]
[SourceVersion "1"]
[SourceVersionDate "2021.10.06"]
[SourceQuality "1"]

1. e4 Nf6 2. Nc3 d5 3. e5 Nfd7 4. d4 c5 5. Be3 cxd4 6. Bxd4 e6 7. Nf3 Bb4 8. Bb5 a6 9. Ba4 b5 10. Bb3 O-O 11. a4 bxa4 12. Rxa4 a5 13. O-O Ba6 14. Re1 Nc6 15. Re3 Bxc3 16. Bxc3 Nc5 17. Ra3 Ne4 18. Qa1 Bb5 19. Nd4 Nxd4 20. Bxd4 Nxf2 21. Kxf2 Qh4+ 22. Kf3 Qxd4 23. Rxa5 Rxa5 24. Qxa5 Qd1+ 25. Kg3 Be2 26. c4 Qf1 27. cxd5 exd5 28. Bxd5 Bh5 29. b4 Qc1 30. Qc5 Qd1 31. Bf3 Bxf3 32. Rxf3 Qe1+ 33. Rf2 Re8 34. Kf4 g5+ 35. Kf5 Qb1+ 36. Kg4 Qe4+ 37. Kg3 Rxe5 38. Qc8+ Re8 39. Qg4 Qd3+ 40. Rf3 Re3 41. Qxg5+ Kf8 42. Rxe3 Qd6+ 43. Qe5 Qxe5+ 44. Rxe5 1-0

[Event "Abe Yanofsky mem U1800"]
[Site "Winnipeg CAN"]
[Date "2011.08.05"]
[Round "1"]
[White "Goodman, Clifford"]
[Black "Villeneuve, Justin"]
[Result "1-0"]
[WhiteElo "1638"]
[BlackElo "1206"]
[PlyCount "59"]
[GameId "2160767909649101"]
[EventDate "2011.08.05"]
[EventType "swiss"]
[EventRounds "5"]
[EventCountry "CAN"]
[SourceTitle "EXT 2022"]
[Source "ChessBase"]
[SourceDate "2021.10.06"]
[SourceVersion "1"]
[SourceVersionDate "2021.10.06"]
[SourceQuality "1"]

1. Nf3 Nc6 2. d4 d5 3. c4 e6 4. Bf4 Nf6 5. e3 Bb4+ 6. Nbd2 Ne4 7. a3 Bxd2+ 8. Nxd2 Nxd2 9. Qxd2 O-O 10. Rc1 Qd7 11. cxd5 exd5 12. Bb5 a6 13. Bxc6 bxc6 14. Qc2 Bb7 15. O-O Rfe8 16. b4 Re6 17. a4 a5 18. b5 Rg6 19. Qb3 Qg4 20. Bg3 Qd7 21. Rc5 Re8 22. Rfc1 Ree6 23. bxc6 Rxc6 24. Qxb7 h6 25. Rxc6 Rxc6 26. Qxc6 Qf5 27. h3 g5 28. Be5 Qc8 29. Qxh6 Qf8 30. Qh8# 1-0

[Event "Abe Yanofsky mem U1800"]
[Site "Winnipeg CAN"]
[Date "2011.08.05"]
[Round "1"]
[White "Iomdina, Alexander"]
[Black "Campbell, Gary"]
[Result "0-1"]
[WhiteElo "1410"]
[BlackElo "1698"]
[PlyCount "66"]
[GameId "2160767909649102"]
[EventDate "2011.08.05"]
[EventType "swiss"]
[EventRounds "5"]
[EventCountry "CAN"]
[SourceTitle "EXT 2022"]
[Source "ChessBase"]
[SourceDate "2021.10.06"]
[SourceVersion "1"]
[SourceVersionDate "2021.10.06"]
[SourceQuality "1"]

1. d4 d5 2. c4 e6 3. Nc3 Be7 4. Nf3 Nf6 5. Bg5 O-O 6. e3 h6 7. Bh4 Ne4 8. Bxe7 Qxe7 9. cxd5 Nxc3 10. d6 cxd6 11. bxc3 d5 12. Bd3 Nd7 13. O-O b6 14. Rb1 Bb7 15. a4 Rac8 16. Qd2 Qa3 17. Bb5 Nf6 18. Rfc1 Ne4 19. Ra1 Qxa1 20. Rxa1 Nxd2 21. Nxd2 Rxc3 22. a5 a6 23. Bf1 b5 24. Rb1 Rfc8 25. Nb3 R8c7 26. Nc5 Bc8 27. g3 Ra3 28. Nb3 Rc3 29. Nc5 Rxa5 30. Bg2 Ra2 31. e4 e5 32. exd5 exd4 33. Ne4 Rcc2 0-1

[Event "Abe Yanofsky mem U1800"]
[Site "Winnipeg CAN"]
[Date "2011.08.05"]
[Round "1"]
[White "Leaden, Bruce"]
[Black "Manicdao, Tomas"]
[Result "0-1"]
[WhiteElo "1502"]
[BlackElo "1710"]
[PlyCount "78"]
[GameId "2160767909649103"]
[EventDate "2011.08.05"]
[EventType "swiss"]
[EventRounds "5"]
[EventCountry "CAN"]
[SourceTitle "EXT 2022"]
[Source "ChessBase"]
[SourceDate "2021.10.06"]
[SourceVersion "1"]
[SourceVersionDate "2021.10.06"]
[SourceQuality "1"]

1. d4 e6 2. Bf4 d5 3. Nf3 Bd6 4. Bxd6 Qxd6 5. e3 a6 6. Be2 Qb4+ 7. Nc3 Qxb2 8. Nxd5 exd5 9. O-O Nc6 10. Qd2 Qb4 11. c3 Qd6 12. Rfc1 Nf6 13. h3 O-O 14. c4 Ne7 15. c5 Qe6 16. Ng5 Qf5 17. Nf3 Ne4 18. Qc2 Qg6 19. Ne5 Qf5 20. Bg4 Qg5 21. Nf3 Qf6 22. Bxc8 Rfxc8 23. Rab1 Rab8 24. Ne5 Qe6 25. Rb3 f6 26. Nd3 b6 27. Rcb1 b5 28. a4 c6 29. axb5 axb5 30. f3 Ng5 31. Qf2 Ng6 32. Nb4 Ra8 33. h4 Nf7 34. Re1 Nh6 35. Rb2 Ra4 36. e4 dxe4 37. Rxe4 Ra1+ 38. Kh2 Qc4 39. d5 Qc1 0-1

[Event "Abe Yanofsky mem U1800"]
[Site "Winnipeg CAN"]
[Date "2011.08.05"]
[Round "1"]
[White "Milward, David"]
[Black "Trinidad, Kris"]
[Result "0-1"]
[WhiteElo "1746"]
[BlackElo "1570"]
[PlyCount "38"]
[GameId "2160767909649104"]
[EventDate "2011.08.05"]
[EventType "swiss"]
[EventRounds "5"]
[EventCountry "CAN"]

1. e4 c5 2. Nf3 Nc6 3. d4 cxd4 4. Nxd4 e5 5. Nb5 Nf6 6. Nd6+ Bxd6 7. Qxd6 Nxe4 8. Qd3 d5 9. Be2 O-O 10. O-O Bf5 11. Qf3 Nd4 12. Qe3 Nxc2 13. Qf3 Bg6 14. Nc3 Nxa1 15. h4 Nxc3 16. bxc3 Qxh4 17. Qxd5 Qe7 18. Be3 Rfd8 19. Qb5 Nc2 0-1

[Event "Abe Yanofsky mem U1800"]
[Site "Winnipeg CAN"]
[Date "2011.08.05"]
[Round "1"]
[White "Proulx, Roy"]
[Black "Trueman, Francis"]
[Result "1-0"]
[WhiteElo "1705"]
[BlackElo "1447"]
[PlyCount "76"]
[GameId "2160767909649105"]
[EventDate "2011.08.05"]
[EventType "swiss"]
[EventRounds "5"]
[EventCountry "CAN"]
[SourceTitle "EXT 2022"]
[Source "ChessBase"]
[SourceDate "2021.10.06"]
[SourceVersion "1"]
[SourceVersionDate "2021.10.06"]
[SourceQuality "1"]

1. e4 d6 2. d4 Nf6 3. Nc3 g6 4. f4 e5 5. dxe5 Nh5 6. Nf3 Bg4 7. Be3 Bxf3 8. Qxf3 dxe5 9. Rd1 Nd7 10. Bc4 Bg7 11. O-O O-O 12. Qh3 exf4 13. Rxd7 Qg5 14. Rd5 Be5 15. Bf2 Qf6 16. Qg4 Qg7 17. Rfd1 Nf6 18. Qf3 Nxd5 19. Nxd5 Bd6 20. Nxf4 Rad8 21. Nd3 h5 22. c3 Be7 23. Bd4 Rxd4 24. cxd4 Qxd4+ 25. Kh1 Qxc4 26. b3 Qd4 27. Nf4 Qf6 28. Nd5 Qe6 29. Nxc7 Qe5 30. Nd5 Bd8 31. g4 hxg4 32. Qxg4 Kg7 33. Ne3 Kh7 34. Qh3+ Kg8 35. Qf3 Bc7 36. Nf1 Kg7 37. Ng3 Rh8 38. Rg1 Qb2 1-0